|
|
|
|
| LEADER |
01383nam a22003614a 4500 |
| 001 |
41673 |
| 003 |
BD-DhAAL |
| 005 |
20230914164729.0 |
| 008 |
100222s2010 nyu 001 0 eng |
| 010 |
|
|
|a 2010005439
|
| 020 |
|
|
|a 9780231152204 (cloth : alk. paper)
|
| 020 |
|
|
|a 9780231152211 (pbk. : alk. paper)
|
| 020 |
|
|
|a 9780231526500 (ebook)
|
| 040 |
|
|
|a DLC
|c DLC
|d DLC
|d BD-DhAAL
|
| 050 |
0 |
0 |
|a JC251
|b .C44 2010
|
| 082 |
0 |
0 |
|a 320.954
|2 22
|
| 100 |
1 |
|
|a Chatterjee, Partha,
|d 1947-
|
| 245 |
1 |
0 |
|a Empire and nation :
|b selected essays /
|c Partha Chatterjee ; with an Introduction by Nivedita Menon.
|
| 260 |
|
|
|a New York :
|b Columbia University Press,
|c c2010.
|
| 300 |
|
|
|a viii, 368 pages ;
|c 21 cm.
|
| 500 |
|
|
|a Includes bibliographical references and index.
|
| 526 |
|
|
|a ARC
|
| 541 |
|
|
|a Book finder International
|e 41673
|
| 600 |
1 |
0 |
|a Chatterjee, Partha,
|d 1947-
|
| 650 |
|
0 |
|a Nationalism.
|
| 650 |
|
0 |
|a Democracy.
|
| 650 |
|
0 |
|a Nationalism
|z India.
|
| 651 |
|
0 |
|a India
|x Politics and government.
|
| 700 |
|
|
|a Nivedita
|9 54721
|
| 856 |
4 |
2 |
|3 Book review (H-Net)
|u http://www.h-net.org/reviews/showrev.php?id=30477
|
| 942 |
|
|
|2 ddc
|c BK
|
| 999 |
|
|
|c 44284
|d 44284
|
| 952 |
|
|
|0 0
|1 0
|2 ddc
|4 0
|6 320_954000000000000_CHA
|7 0
|9 74372
|a BRACUL
|b BRACUL
|c GEN
|d 2023-09-08
|e Book Finder International
|g 3451.90
|l 2
|m 4
|o 320.954 CHA
|p 3010041673
|r 2026-03-02
|s 2026-02-05
|t 1
|v 3451.90
|w 2023-09-08
|y BK
|